00314nam a2200109Ia 4500082001200000100001700012245008100029260002800110300001000138650004000148710001600188 aTW.0003 aWaikar, S.C. 0aStudy of socio-economic conditions of rickshaw pullers in the city of Nagpur c1981bNagpur University a648p. aRICKSHAW MEN - MAHARASHTRA - NAGPUR aPatil, P.A.